| 000 | 00599cam a22002291 4500 | ||
|---|---|---|---|
| 001 | sa 68015243 | ||
| 003 | DLC | ||
| 005 | 20260227112642.0 | ||
| 008 | 940712s1966 ii 000 0 telo | ||
| 010 | _asa 68015243 | ||
| 025 | _aPL480:I-Te-1702 | ||
| 035 | _a(OCoLC)30753671 | ||
| 040 |
_aDLC _cCU _dCU _dDLC |
||
| 042 | _apremarc | ||
| 050 | 0 | 0 |
_aE169.02 _b.G63 |
| 100 | 2 |
_aGopala Krishna Murthy, Avula, _d1917-1966. |
|
| 245 | 1 | 0 | _aNā Amerikā paryaṭana |
| 260 | _c[1966] | ||
| 300 |
_aviii, 236 p. _c19 cm. |
||
| 500 | _aIn Telugu. | ||
| 651 | 0 |
_aUnited States _xDescription and travel. |
|
| 999 |
_c86334 _d86334 |
||